000 00599nam a22001457a 4500
020 _a978-0-00-822963-4
082 _a823
_bSHE/S
100 _aSHELDON ,SIDNEY
245 _aTHE SILENT WIDOW
260 _aLONDON
_bHARPPER COLLINS
300 _a438
520 _aSidney Sheldon's Silent Widow follows the life of Nikki Roberts, a successful LA Psychiatrist who lost her husband in a tragic car crash; but has now finds herself in the middle of a serial murder investigation when the people (read: patients) around her are found brutally murdered.
650 _aENGLISH- NOVEL
_zLONDON
942 _cBK
999 _c3444
_d3444